000 00897nam a2200253 a 4500
001 000017514
005 20200929165134.0
008 100326s1999 dr 001 0 spa d
020 _a8484003078
040 _aDO-SdBNP
_bspa
_cBNPHU
082 _a344.7293046
_bR969L
100 1 _aRusso, Italo
_938251
245 1 0 _aLegislación ambiental de la República Dominicana :
_binventario análisis /
_cItalo Russo.
260 _aSanto Domingo :
_bTaller,
_c1999.
300 _a153 p. :
_bil., tablas ;
_c28 cm.
500 _aIncluye índice onomástico.
504 _aBibliografía : p. 147
590 _aInventariado, 2018/VM
650 4 _aDerecho ambiental
_938252
650 4 _aRecursos naturales
_xLegislación
_938253
650 4 _aCalidad ambiental
_xLegislación
_938254
650 4 _aProtección del medio ambiente
_zRepública Dominicana
_914337
910 _aValidado. Control de calidad EMS
999 _c17039
_d17039